| 000 | 00501nam a22001577a 4500 | ||
|---|---|---|---|
| 008 | 160420b xxu||||| |||| 00| 0 eng d | ||
| 020 | _a971-08-6585-4 | ||
| 082 |
_22005 _aDFil 301.599 _bZ84 |
||
| 100 |
_96135 _aZulueta, Francisco M. |
||
| 245 |
_aSociology: _bfocus on the Philippines/ _cFrancisco M. Zulueta. |
||
| 260 |
_aMandaluyong City: _bNational Book Store, _cc2005. |
||
| 300 |
_axiv, 487 pages; _c22 cm. |
||
| 650 | 0 |
_96136 _aSociology _zPhilippines. |
|
| 365 |
_b398.00 _cPhp |
||
| 942 |
_2ddc _cDFIL |
||
| 999 |
_c1920 _d1920 |
||